| 000 | 00392nam a2200145Ia 4500 | ||
|---|---|---|---|
| 008 | 211109s9999||||xx |||||||||||||| ||und|| | ||
| 082 |
_a823 _bSTO-E |
||
| 100 | _aStoddard, Francis Hovey | ||
| 245 | 0 | _aEvolution of the English Novel | |
| 260 |
_bMacmillan _aLondon _c2000 |
||
| 300 | _a235p. | ||
| 630 | _xGeneral Stack | ||
| 650 |
_aEnglish Litertaure _vEnglish Fiction _xEnglish |
||
| 942 | _cBOOK | ||
| 999 |
_c166 _d166 |
||